Surveying fundamentals and practices (Record no. 6141)

MARC details
000 -LEADER
fixed length control field 00621nam a22001937a 4500
003 - CONTROL NUMBER IDENTIFIER
control field OSt
005 - DATE AND TIME OF LATEST TRANSACTION
control field 20251124162603.0
008 - FIXED-LENGTH DATA ELEMENTS--GENERAL INFORMATION
fixed length control field 251124b |||||||| |||| 00| 0 eng d
020 ## - INTERNATIONAL STANDARD BOOK NUMBER
International Standard Book Number 0-13-097736-5.
040 ## - CATALOGING SOURCE
Original cataloging agency DWCL-Main lib
Transcribing agency OC
082 ## - DEWEY DECIMAL CLASSIFICATION NUMBER
Edition number 5th ed.
Classification number Circ. 526.9 N275s 2006
100 ## - MAIN ENTRY--PERSONAL NAME
Personal name Nathanson, Jerry
245 ## - TITLE STATEMENT
Title Surveying fundamentals and practices
Statement of responsibility, etc. Nathanson, Jerry
260 ## - PUBLICATION, DISTRIBUTION, ETC.
Place of publication, distribution, etc. N. J. :
Name of publisher, distributor, etc. Pearson Prentice Hall,
Date of publication, distribution, etc. c2006.
300 ## - PHYSICAL DESCRIPTION
Extent ix, 502 pages :
Other physical details illustration ;
Dimensions 27 cm.
504 ## - BIBLIOGRAPHY, ETC. NOTE
Bibliography, etc. note Includes bibliographical references and index.
650 ## - SUBJECT ADDED ENTRY--TOPICAL TERM
Source of heading or term 1. Surveying.
942 ## - ADDED ENTRY ELEMENTS (KOHA)
Source of classification or shelving scheme Dewey Decimal Classification
Koha item type Book Circulation
Edition 8th ed.
Call number prefix Circ.
Suppress in OPAC No
952 ## - LOCATION AND ITEM INFORMATION (KOHA)
--
Holdings
Withdrawn status Lost status Source of classification or shelving scheme Damaged status Not for loan Home library Current library Shelving location Date acquired Source of acquisition Total Checkouts Full call number Barcode Date last seen Copy number Price effective from Koha item type Uniform Resource Identifier
    Dewey Decimal Classification     College Library College Library Circulation 06/23/2008 School Fund   Circ. 526.9 N275s 2006 45952 11/24/2025 c1 11/24/2025 BK-CIRC